000 00409nam a2200181Ia 4500
001 18273
005 20260306171618.0
008 260306s9999||||xx |||||||||||||| ||und||
041 _aESP
082 _a658.402
_bH37 2009
100 _aHellriegel, Don
_eAUT
245 0 _aComportamiento organizacional
260 _c2009
300 _a
_c
650 _aGEN
654 _aCAN
942 _cLIB
_dJUS
_fJUS
_2ddc
_n
999 _c18273
_d18273